[Event "Wloclawek-ch"]
[Site "Wloclawek"]
[Date "2015.??.??"]
[Round "2"]
[White "Wojcik, Bartlomiej"]
[Black "Augustowski, Janusz"]
[Result "0-1"]
[WhiteElo "1000"]
[BlackElo "1744"]
[PlyCount "102"]
[EventDate "2015.09.??"]
[EventType "swiss"]
[EventRounds "9"]
[EventCountry "POL"]
[SourceTitle "EXT 2021"]
[Source "ChessBase"]
[SourceDate "2020.10.23"]
[SourceVersion "1"]
[SourceVersionDate "2020.10.23"]
[SourceQuality "1"]

1. e4 c5 2. Nf3 Nc6 3. Bb5 d6 4. Bxc6+ bxc6 5. c4 g6 6. d4 Bg7 7. Be3 Qb6 8. Qd2 Rb8 9. b3 Qb4 10. Qxb4 Rxb4 11. Nbd2 cxd4 12. Bxd4 Bxd4 13. Nxd4 Bd7 14. a3 Rb7 15. b4 Nf6 16. Ke2 e5 17. N4b3 Ke7 18. Rhc1 Rd8 19. f3 Nh5 20. g3 Ng7 21. Rab1 f5 22. Ke3 Be6 23. Na5 Rc7 24. b5 Bd7 25. a4 Ne6 26. bxc6 Bxc6 27. Nxc6+ Rxc6 28. Rb7+ Rd7 29. Rcb1 Nc5 30. Rxd7+ Kxd7 31. a5 h6 32. h4 Rc8 33. Rb4 Ke6 34. f4 exf4+ 35. gxf4 fxe4 36. Nxe4 Nxe4 37. Kxe4 Rc5 38. Ra4 Rh5 39. a6 Rxh4 40. Ra5 g5 41. Rf5 Rxf4+ 42. Rxf4 gxf4 43. Kxf4 d5 44. cxd5+ Kxd5 45. Kg4 Kc5 46. Kh5 Kb6 47. Kxh6 Kxa6 48. Kg5 Kb5 49. Kf4 Kc4 50. Ke3 Kc3 51. Ke4 a5 0-1